01041njm a2200253Ia 450000100060000000300090000600500170001500800410003204000130007304000130008604100130009910000110011210000180012310000380014124500360017925000110021526000240022626000330025030000170028330000290030050000400032950503650036965000530073423758IT-RoPAU20220918181117.0131025s9999 xx 000 0 und d aIT-RoPAU cIT-RoPAU aITALIANO aAA.VV. eAutore musica gCodice autore musica SPICS: 12000 aMelodie per il rito della messa a1a ed. aCITTA' DEL VATICANO bVATICANAc1984 [1a Ed.:1984] aMUSICASSETTA c50 minuti (Testo: pag.) aMusica religiosa. Musica liturgica. aMessale romano in italiano. Melodie per il rito della messa per i riti di introduzione per la liturgia della parola. Per la liturgia eucaristica. Per i riti di conclusione. Altra melodia per il prefazio. Melodie per altri riti. Venerdì€ Santo. Veglia Pasquale. Annunzio Pasquale. Benedizione dell'acqua battesimale. Epifania: annunzio del giorno della Pasqua. aLITURGICO [CASSETTE]eCodice MATERIA SPICS: 9951